Normal view
MARC view
- Pal, Subrata
Entry Personal Name
001 - CONTROL NUMBER
- control field: 107864
003 - CONTROL NUMBER IDENTIFIER
- control field: NUST
005 - DATE AND TIME OF LATEST TRANSACTION
- control field: 20230127115445.0
008 - FIXED-LENGTH DATA ELEMENTS
- fixed length control field: 230127|| aca||aabn | a|a d
040 ## - CATALOGING SOURCE
- Original cataloging agency: NUST
- Transcribing agency: NUST
100 ## - HEADING--PERSONAL NAME
- Personal name: Pal, Subrata
670 ## - SOURCE DATA FOUND
- Source citation: Work cat.: (NUST)0: Pal, Subrata, author., Fundamentals of molecular structural biology /
